| 000 | 00901nam a2200205 a 4500 | ||
|---|---|---|---|
| 001 | 15280 | ||
| 003 | CO-ViMGA | ||
| 008 | 141112s2004 ck r 000 u spa d | ||
| 020 | _a9701027868 | ||
| 040 |
_aCO-ViMGA _bspa _cCO-ViMGA |
||
| 082 | 0 | 4 | _a658.4 C441 5ed |
| 100 | 1 | _aChiavenato, Idalberto | |
| 245 | 1 | 0 | _aIntroducción a la teoría general de la administración |
| 250 | _a5 | ||
| 260 |
_aMexico McGraw Hill, _c2000 |
||
| 300 | _a1056.p. | ||
| 505 | _aIntroducción a la teoría general de la administración Los orígenes de la administración Enfoque clásico de la administración Enfoque humanistico de la administración Enfoque neoclásico de la administración Enfoque estructuralista de la administración Del comportamiento en la administración Enfoque sistemico de la administración Enfoque situacional de la administracion | ||
| 650 | 1 | 4 |
_aADMINISTRACION _9558 |
| 942 |
_2ddc _cBK |
||
| 999 |
_c25643 _d25643 |
||